Catálogo

Ventaja competitiva : (Registro nro. 27960)

Detalles MARC
000 -LEADER
fixed length control field 01617cam a2200349 i 4500
001 - CONTROL NUMBER
control field 27960
003 - CONTROL NUMBER IDENTIFIER
control field Mx-PuUPA
005 - DATE AND TIME OF LATEST TRANSACTION
control field 20250225081117.0
008 - FIXED-LENGTH DATA ELEMENTS--GENERAL INFORMATION
fixed length control field 140415s2015 mx d gr 000 0 spa d
020 ## - INTERNATIONAL STANDARD BOOK NUMBER
International Standard Book Number 9786077440802
040 ## - CATALOGING SOURCE
Transcribing agency Mx-PuUPA
Original cataloging agency Mx-PuUPA
Language of cataloging spa
Modifying agency Mx-PuUPA
Description conventions rda
041 1# - LANGUAGE CODE
Language code of text/sound track or separate title spa
Language code of original eng
100 1# - MAIN ENTRY--PERSONAL NAME
Personal name Porter, Michael E.,
Dates associated with a name 1947-
9 (RLIN) 2251
Relator term autor
240 10 - UNIFORM TITLE
Uniform title Competitive advantage. Creating and sustaining superior performance.
Language of a work Español
245 10 - TITLE STATEMENT
Title Ventaja competitiva :
Remainder of title creación y sostenimiento de un desempeño superior /
Statement of responsibility, etc. Michael E. Porter ; prólogo, José Luis Orozco Martínez ; traducción, José C. Pecina Hernández
250 ## - EDITION STATEMENT
Edition statement Segunda edición /
Remainder of edition statement reformada
264 #1 - PRODUCTION, PUBLICATION, DISTRIBUTION, MANUFACTURE, AND COPYRIGHT NOTICE
Place of production, publication, distribution, manufacture México, D. F. :
Name of producer, publisher, distributor, manufacturer Grupo Editorial Patria,
Date of production, publication, distribution, manufacture, or copyright notice 2015
300 ## - PHYSICAL DESCRIPTION
Extent xxiii, 552 páginas :
Other physical details gráficas, tablas ;
Dimensions 23 cm
336 ## - CONTENT TYPE
Fuente rdacontent
Content type term texto
Content type code txt
337 ## - MEDIA TYPE
Source rdamedia
Media type term sin medio
Media type code n
338 ## - CARRIER TYPE
Source rdacarrier
Carrier type term volumen
Carrier type code nc
545 1# - BIOGRAPHICAL OR HISTORICAL DATA
Biographical or historical data Reimpresiones: (Primera, 2016).
650 #7 - SUBJECT ADDED ENTRY--TOPICAL TERM
Source of heading or term armarc
Topical term or geographic name entry element Administración industrial
650 #7 - SUBJECT ADDED ENTRY--TOPICAL TERM
Source of heading or term armarc
Topical term or geographic name entry element Industrialización
650 #7 - SUBJECT ADDED ENTRY--TOPICAL TERM
Source of heading or term armarc
Topical term or geographic name entry element Compañías extranjeras
General subdivision Competencia económica internacionales
-- Países desarrollados
650 #7 - SUBJECT ADDED ENTRY--TOPICAL TERM
Source of heading or term armarc
Topical term or geographic name entry element Política económica
General subdivision Países desarrollados
700 1# - ADDED ENTRY--PERSONAL NAME
Personal name Pecina Hernández, José C.,
Relator term traductor
765 0# - ORIGINAL LANGUAGE ENTRY
Main entry heading Porter, Michael E., 1947-
Place, publisher, and date of publication [Lugar de publicación no identificado] : Simon & Schuster, ©1987
Title Competitive advantage. Creating and sustaining superior performance.
International Standard Book Number 002925090
942 ## - ADDED ENTRY ELEMENTS (KOHA)
Source of classification or shelving scheme Dewey Decimal Classification
Koha item type Libro
Classification part 658
Item part P8518
Existencias
Withdrawn status Lost status Source of classification or shelving scheme Damaged status Not for loan Collection code Home library Current library Shelving location Date acquired Total Checkouts Full call number Barcode Date last seen Price effective from Koha item type
    Dewey Decimal Classification     General Tehuacán Tehuacán Sala general 24/02/2025   658 P8518 2015 968000003079 24/02/2025 24/02/2025 Libro